000 00556nam a2200193Ia 4500
005 20250326144756.0
008 250326s9999 xx 000 0 und d
020 _a0-07-234352-4
037 _aTextbook
040 _aFMSL
_beng
_cFMSL
041 _aeng
_2eng
084 _aXobB P0
_qFMSL
100 _aSilberberg Eugene
245 0 _aStructure of economics : Mathematical analysis
_cSilberberg Eugene; Suen Wing
260 _aNY
_bNY, Irwin McGraw-Hill
_c2000
300 _axvii,668
942 _cTB
_hXobB P0
999 _c1305006
_d1305006